000
00302nam a22001457a 4500
020
_a
81-8858225-5
082
_a
894.892.3
_b
RAM/S
100
_a
RAMANUNNY,K.P
245
_a
SHEERSHASANAM
260
_a
2004
_b
GREEN BOOKS
_c
KOTTAYAM
300
_a
143
520
_a
NOVEL
650
_a
NOVEL
942
_c
BK
999
_c
5003
_d
5003